Online
Catalog

Biblioteca ecuatoriana mínima : (Record no. 15887)

MARC details
000 -CABECERA
campo de control de longitud fija 00666nam a2200169ma 4500
001 - NÚMERO DE CONTROL
campo de control 000016352
003 - IDENTIFICADOR DEL NÚMERO DE CONTROL
campo de control UkOxU
005 - FECHA Y HORA DE LA ÚLTIMA TRANSACCIÓN
campo de control 20200929164403.0
008 - DATOS DE LONGITUD FIJA--INFORMACIÓN GENERAL
campo de control de longitud fija 500101s1960 mx 000 0 spa u
040 ## - FUENTE DE LA CATALOGACIÓN
Centro catalogador/agencia de origen DO-SdBNP
Lengua de catalogación spa
Centro/agencia transcriptor BNPHU
110 1# - ENTRADA PRINCIPAL--NOMBRE DE ENTIDAD CORPORATIVA
Nombre de entidad corporativa o nombre de jurisdicción como elemento de entrada Secretaría General de la Undécima Conferencia Interamericana
9 (RLIN) 36473
245 10 - MENCIÓN DE TÍTULO
Título Biblioteca ecuatoriana mínima :
Resto del título La colonia y la républica /.
260 ## - PUBLICACIÓN, DISTRIBUCIÓN, ETC.
Lugar de publicación, distribución, etc. Puebla, México :
Nombre del editor, distribuidor, etc. J. M. Cajica Jr.,
Fecha de publicación, distribución, etc. 1960.
500 ## - NOTA GENERAL
Nota general Publicación auspiciada por la Secretaría General de la Undécima Conferencia Interamericana, Quito, Ecuador, 1960
500 ## - NOTA GENERAL
Nota general Incluye notas al pie de las páginas
505 ## - NOTA DE CONTENIDO CON FORMATO
Información miscelánea v.
Título Remigio Crespo Toral
Holdings
Estado de retiro Estado de pérdida Restricciones de uso No para préstamo Código de colección Localización permanente Ubicación/localización actual Ubicación en estantería Fecha de adquisición Número de inventario Total de préstamos Signatura topográfica completa Código de barras Fecha visto por última vez Precio válido a partir de Tipo de ítem Koha
      Préstamo restrigido Monografías: Libros y Folletos General General En encuadernación 03.03.2010 LF1   16352-10 25.06.2020 25.06.2020 No se presta

Powered by Koha